| 000 | 00360nam a2200145Ia 4500 | ||
|---|---|---|---|
| 008 | 230312s9999||||xx |||||||||||||| ||und|| | ||
| 020 | _a9788123916798 | ||
| 082 |
_a612 _bLAC-I |
||
| 100 | _aLachman ,Leon | ||
| 245 | 0 | _aTheory and Practical of Industrial Pharmacy. | |
| 300 | _a902 | ||
| 546 | _aEng. | ||
| 650 |
_aPharmacy _vIndustrial Pharmacy |
||
| 942 | _cBK | ||
| 999 |
_c4073 _d4073 |
||